00586nam a2200181 a 4500001001000000003000900010005001700019008003800036040002500074082002500099100005000124245005100174260005300225300002600278600005000304650002400354650002600378000045717DO-SdBNP20240228085405.0150505s 1900 dr a 000 p spa d aDO-SdBNPbspacBNPHU 4aBNPHU RD861.2bU75po1 aUreña de Henríquez, Salomé ,d1850-189710apoesías /cSalomé Ureña de Henríquez,. aSanto Domingo :bMinisterio de Cultura,c19--?]. a9 p. :bil. ;c21 cm.10aUreña de Henríquez, Salomé ,d1850-189714aPoesía dominicana14aLiteratura dominicana